000 00694nam a2200205Ii 4500
003 JO-AjNU
008 230605s9999||||xx |||||||||||||| ||und||
040 _aJO-AjNU
_bara
_erda
_cJO-AjNU
041 _aara
050 1 4 _aBP75.2.Q27.1998
100 3 _aالقرضاوي، يوسف ,
_eauthor
_937876
245 0 0 _aالمدخل لدراسة السنة النبوية
250 _aط1
264 3 1 _aبيروت:مؤسسة الرسالة للطباعة والنشر والتوزيع
300 _a231ص
336 _atext
_btxt
_2rdacontent
337 _aunmediated
_bn
_2rdamedia
338 _avolume
_bnc
_2rdacarrier
650 4 _aالسنة النبوية-دراسات اسلامية
_937877
999 _aA15866
_c19434
_d19434